000 01012nam a22003017a 4500
001 BR9901054
003 BR-BrBNA
005 20230928100236.0
007 ta
008 230509b bl.||||| |||| 00| 0 por d
040 _aBR-BrBNA
_bpor
_cBiblioteca Nacional de Agricultura
041 _a(Por)
072 _aP32
090 _ P32 BR9901054
100 1 _aTagliaferro, F.S.
110 1 _aCentro de Energia Nuclear na Agricultura, Piracicaba, SP (Brasil)
_0Tese (Mestre em Ciencias)
245 1 _aProvincia uranifera de Lagoa Real, Bahia - analise por ativacao neutronica instrumental para a quantificacao elementar da rocha esteril visando controle de qualidade do ambiente
260 3 _aPiracicaba, SP (Brasil):
_c1998.
300 _a83 p.
500 _aBibliography p. 69-75; 8 tables; 9 illus.; Summaries (Eng, Por)
650 _aMineralogia
650 _aNeutron
650 _aRocha
650 _aMeio Ambiente
650 _aQualidade
909 _a202309
_bLucia
_c55
_dLucia Elande
942 _cBK
999 _c60699
_d60699